Fragen aus der Wissenschaft - Buchstabe A - Statistiken

Allgemein
  • Dieses Quiz wurde 236 mal gespielt
  • Das Durchschnittsergebnis liegt bei 7 aus 20
Antwortstatistiken
Hinweis Antwort % Korrekt
Besteht aus Protonen, Neutronen, Elektronen Atom
97%
Einheit der elektrischen Stromstärke Ampere
85%
Lehre vom Aufbau des Körpers Anatomie
78%
Philosoph und Lehrer Alexanders des Großen Aristoteles
67%
Erforschung vergangener Kulturen, z.B. Ausgrabungen Archäologie
66%
Staatenbildende Familie der Insekten - Formicidae Ameise
62%
Bereich der Mathematik, der mit Variablen rechnet Algebra
60%
Blutarmut durch Verminderung der Hämoglobin-Konzentration Anämie
48%
Heureka! Griechischer Mathematiker aus Syrakus (287-212 v. Chr.) Archimedes
46%
Hochwertige Steinkohle - auch dunkelgrauer Farbton Anthrazit
21%
Namensgeber von NA = 6.022 x 1023 Teilchen pro Mol Amedeo Avogadro
15%
Grundsatz einer Theorie, der keines Beweises bedarf - Newtonsche Gesetze Axiom
15%
Klare Abfolge von Handlungsanweisungen, die eine Aufgabe ausführt (IT) Algorithmus
11%
Organische Stoffklasse mit Carbonylgruppe (–CHO) Aldehyd
10%
Genetisch programmierter Zelltod - „Suizidprogramm“ von Zellen Apoptose
8%
Lateinischer Kirchenlehrer der Spätantike aus Nordafrika (354-430) Augustinus
8%
Druckgerät zum Sterilisieren, z. B. OP-Besteck in Krankenhäuser Autoklav
8%
Hellster Stern im Sternbild Stier (Auge des Stiers) - Roter Riese Aldebaran
6%
Deutsch-amerikanische Philosophin (1906-1975) - Werk: Vita activa Hannah Arendt
6%
Deutscher Chemiker und Nobelpreisträger - Diensynthese (1902-1958) Kurt Alder
3%
Keine übereinstimmenden Quizze gefunden
Verteilung der Resultate
Anzahl Personen mit jedem Resultat
Perzentil nach korrekt beantworteten Fragen
Ihre Resultats-Entwicklung
Sie haben dieses Quiz noch nicht gespielt